000 00621cam a22002413a 4500
001 8438
003 PGUSA
005 20140828083156.0
008 050701s2005||||xxu|||||s|||||000 | eng d
040 _aPGUSA
_beng
042 _adc
050 4 _aB
050 4 _aPA
100 1 _aAristotle,
_d-384--322
245 1 4 _aThe Ethics of Aristotle
_h[electronic resource] /
_cAristotle
260 _bProject Gutenberg,
_c2005
506 _aPublic domain in the USA.
516 _aElectronic text
653 _aEthics
830 0 _aProject Gutenberg
_v8438
856 4 0 _uhttp://www.gutenberg.org/ebooks/8438
942 _cEB
999 _c237738
_d237738